000 00360nam a2200145Ia 4500
008 191201s2010 xx 000 0 und d
082 _a658.4038
_bJAM
100 _aJAWADEKAR,Waman S
245 0 _aManagement Information Systems: Texts and Cases
250 _aREP
260 _aN.Delhi
_bTMH
_c2010
300 _a829
650 _aB.Tech(IT)
942 _2ddc
_cBK
999 _c4246
_d4246